New technologies in glass / (Record no. 353675)

000 -LEADER
fixed length control field 01674nam a2200253 a 4500
001 - CONTROL NUMBER
control field ASIN1408139545
003 - CONTROL NUMBER IDENTIFIER
control field OSt
005 - DATE AND TIME OF LATEST TRANSACTION
control field 20180116192415.0
008 - FIXED-LENGTH DATA ELEMENTS--GENERAL INFORMATION
fixed length control field 130220s2012 xxu eng d
020 ## - INTERNATIONAL STANDARD BOOK NUMBER
International Standard Book Number 1408139545 (paperback)
Terms of availability $44.95
020 ## - INTERNATIONAL STANDARD BOOK NUMBER
International Standard Book Number 9781408139547 (paperback)
040 ## - CATALOGING SOURCE
Transcribing agency del
082 ## - DEWEY DECIMAL CLASSIFICATION NUMBER
Classification number 748.2028
100 1# - MAIN ENTRY--PERSONAL NAME
Personal name Cutler, Vanessa.
9 (RLIN) 6449
245 10 - TITLE STATEMENT
Title New technologies in glass /
Statement of responsibility, etc. Vanessa Cutler.
250 ## - EDITION STATEMENT
Edition statement 1st ed.
260 ## - PUBLICATION, DISTRIBUTION, ETC.
Place of publication, distribution, etc. London :
Name of publisher, distributor, etc. A&C Black,
Date of publication, distribution, etc. 2012.
300 ## - PHYSICAL DESCRIPTION
Extent 128 p. ;
Dimensions 28 cm.
520 ## - SUMMARY, ETC.
Summary, etc. The world of the glass artist is changing. Emerging technology for the cutting, engraving, and printing of glass is opening doors for those who want to work more quickly, more accurately, at larger scales and in multiples, and is stretching the boundaries of innovation. Profiling the latest technology, Vanessa Cutler gives an artist's perspective on new techniques, machinery and software in glass. Using straightforward language, she introduces the digital tools that are becoming an essential part of an artist's toolkit, and describes the application of new technologies, from cutting and engraving machinery to rapid prototyping. These practical essentials are illuminated by the work of contemporary glass artists, who are using these technologies to remarkable effect. New Technologies in Glass is a vital text for any glass artist wishing to expand their toolkit and challenge the possibilities of the medium.
650 ## - SUBJECT ADDED ENTRY--TOPICAL TERM
Topical term or geographic name entry element Glass craft
9 (RLIN) 6450
856 40 - ELECTRONIC LOCATION AND ACCESS
Materials specified Amazon.com
Uniform Resource Identifier <a href="http://www.amazon.com/exec/obidos/ASIN/1408139545/chopaconline-20">http://www.amazon.com/exec/obidos/ASIN/1408139545/chopaconline-20</a>
942 ## - ADDED ENTRY ELEMENTS (KOHA)
Source of classification or shelving scheme
Koha item type Book
Holdings
Withdrawn status Lost status Source of classification or shelving scheme Damaged status Not for loan Permanent Location Current Location Date acquired Total Checkouts Full call number Barcode Date last seen Copy number Cost, replacement price Price effective from Koha item type
          School of Art Design and Architecture (SADA) School of Art Design and Architecture (SADA) 02/19/2013   748.2028 CUT 2012 SADA0001960 01/05/2017 1 3592.96 01/05/2017 Book
© 2023 Central Library, National University of Sciences and Technology. All Rights Reserved.